[Event "Porto Sant Elpidio op-B 8th"]
[Site "Porto Sant Elpidio"]
[Date "2005.11.20"]
[Round "2"]
[White "Cargini, Fabio"]
[Black "Trancanelli, Claudio"]
[Result "0-1"]
[WhiteElo "1548"]
[BlackElo "1693"]
[PlyCount "84"]
[EventDate "2005.11.19"]
[EventType "swiss"]
[EventRounds "6"]
[EventCountry "ITA"]
[SourceTitle "EXT 2024"]
[Source "ChessBase"]
[SourceDate "2023.10.10"]
[SourceVersion "1"]
[SourceVersionDate "2023.10.10"]
[SourceQuality "1"]

1. e4 e5 2. Nf3 Nf6 3. Nxe5 d6 4. Nf3 Nxe4 5. d4 d5 6. Bd3 Bf5 7. 0-0 Bd6 8. c4 c6 9. Nc3 Bb4 10. Qc2 Bxc3 11. bxc3 0-0 12. Bf4 Nd7 13. cxd5 cxd5 14. Rab1 b6 15. Ng5 Rc8 16. Nxe4 Bxe4 17. Bxe4 dxe4 18. Qxe4 Rxc3 19. Qb7 Nf6 20. Rfe1 Qd7 21. Qxd7 Nxd7 22. Re7 Rd8 23. Rbe1 Rcc8 24. d5 Nf6 25. Bg5 Nxd5 26. Rxa7 f6 27. Bh4 Re8 28. Rxe8+ Rxe8 29. h3 Re6 30. Bg3 Re7 31. Rxe7 Nxe7 32. Bd6 Kf7 33. a3 Ke6 34. Bc7 b5 35. Kf1 Kd5 36. Ke2 Kc4 37. Bd6 Nd5 38. Kd2 Kb3 39. Bf8 g6 40. Bd6 Nc3 41. Kc1 Ne4 42. Be5 fxe5 0-1

[Event "Porto Sant Elpidio op-B 8th"]
[Site "Porto Sant Elpidio"]
[Date "2005.11.19"]
[Round "1"]
[White "Perdichizzi, Roberto"]
[Black "Cargini, Fabio"]
[Result "0-1"]
[WhiteElo "1425"]
[BlackElo "1548"]
[PlyCount "96"]
[EventDate "2005.11.19"]
[EventType "swiss"]
[EventRounds "6"]
[EventCountry "ITA"]
[SourceTitle "EXT 2024"]
[Source "ChessBase"]
[SourceDate "2023.10.10"]
[SourceVersion "1"]
[SourceVersionDate "2023.10.10"]
[SourceQuality "1"]

1. e4 e5 2. Nc3 Nf6 3. Bc4 Nc6 4. a3 Nxe4 5. Qh5 g6 6. Qf3 Ng5 7. Qd5 d6 8. Qd3 Bf5 9. Qd5 Be6 10. Qd3 Bxc4 11. Qxc4 Nd4 12. Nge2 b5 13. Qd3 Nge6 14. Nxd4 Nxd4 15. Ne2 Bg7 16. Nxd4 exd4 17. Qxb5+ Qd7 18. Qxd7+ Kxd7 19. 0-0 Rhe8 20. d3 Re2 21. Bf4 Rxc2 22. b4 Re8 23. Rfe1 Rxe1+ 24. Rxe1 Rc3 25. a4 Rxd3 26. Rb1 Ra3 27. a5 d3 28. Bd2 Bc3 29. Bxc3 Rxc3 30. Rd1 d2 31. Kf1 Rc1 32. Ke2 Rxd1 33. Kxd1 Kc6 34. Kxd2 Kb5 35. Kc3 c5 36. bxc5 dxc5 37. f4 Kxa5 38. Kc4 Kb6 39. g4 a5 40. f5 a4 41. Kd5 a3 42. Kd6 a2 43. Ke7 a1Q 44. Kxf7 Qa7+ 45. Kg8 gxf5 46. gxf5 Qe7 47. h4 Qxh4 48. Kg7 Qe7+ 0-1